IFM Opac

Principles of Economics (Record no. 22194)

MARC details
000 -LEADER
fixed length control field 00309nam a22001337a 4500
020 ## - INTERNATIONAL STANDARD BOOK NUMBER
ISBN 978-81-259-1651-2
082 ## - DEWEY DECIMAL CLASSIFICATION NUMBER
Classification number 330
100 ## - MAIN ENTRY--AUTHOR NAME
Personal name Dwived, D. N.
245 ## - TITLE STATEMENT
Title Principles of Economics
250 ## - EDITION STATEMENT
Edition statement 2nd
260 ## - PUBLICATION, DISTRIBUTION, ETC. (IMPRINT)
Place of publication New Delhi:
Name of publisher Vikas Publishing,
Year of publication 2013
300 ## - PHYSICAL DESCRIPTION
Number of Pages xii, 626p.: ill.; 24cm
942 ## - ADDED ENTRY ELEMENTS (KOHA)
Koha item type Books
Holdings
Withdrawn status Lost status Damaged status Not for loan Collection code Permanent Location Current Location Shelving location Date acquired Source of acquisition Full call number Accession Number Price effective from Koha item type
        Non-fiction IFM Main Campus Library IFM Main Campus Library Work Room processing 01/21/2026 Purchased 330 DWI 0000030237 01/21/2026 Books
        Non-fiction IFM Main Campus Library IFM Main Campus Library Work Room processing 01/21/2026 Purchased 330 DWI 0000030236 01/21/2026 Books
        Non-fiction IFM Main Campus Library IFM Main Campus Library Work Room processing 01/21/2026 Purchased 330 DWI 0000030238 01/21/2026 Books